000 01403nam a2200349Ia 4500
001 ebr10048324
003 CaPaEBR
006 m u
007 cr cn|||||||||
008 010717s2002 ne a sb 001 0 eng d
015 _aGBA1-41781
020 _z0792370791(cased)
020 _z0792370805(pbk.)
020 _z0306472295
040 _aCaPaEBR
_cCaPaEBR
035 _a(OCoLC)55664108
050 1 4 _aQA14.S6
_bA35 2002eb
082 0 4 _a510.71268
_221
100 1 _aAdler, Jill.
245 1 0 _aTeaching mathematics in multilingual classrooms
_h[electronic resource] /
_cby Jill Adler.
260 _aDordrecht ;
_aLondon :
_bKluwer Academic Publishers,
_cc2002.
300 _axiv, 169 p. :
_bill.
490 1 _aMathematics education library ;
_vv. 26
504 _aIncludes bibliographical references and index.
533 _aElectronic reproduction.
_bPalo Alto, Calif. :
_cebrary,
_d2009.
_nAvailable via World Wide Web.
_nAccess may be limited to ebrary affiliated libraries.
650 0 _aMathematics
_xStudy and teaching (Secondary)
_zSouth Africa.
650 0 _aMultilingual persons
_xEducation (Secondary)
_zSouth Africa.
655 7 _aElectronic books.
_2local
710 2 _aebrary, Inc.
830 0 _aMathematics education library ;
_vv. 26.
856 4 0 _uhttp://site.ebrary.com/lib/rucke/Doc?id=10048324
_zAn electronic book accessible through the World Wide Web; click to view
999 _c77142
_d77142